| 000 | 00920cam a2200193 4500 | ||
|---|---|---|---|
| 001 | WB3901-21 | ||
| 008 | 030109n2003 000 0 eng u | ||
| 035 | _a(Sirsi) u120954 | ||
| 245 | _aInvestment facts differ from figures | ||
| 260 | _c2003 | ||
| 490 |
_aEstates Gazette _v(0301) 4 January 2003, 17(1) |
||
| 520 | _aOffice for National Statistics (ONS) data reveals that institutions increased their exposure to property by £3.6bn in the third quarter 2002, the highest figure since 1983. However, agents including DTZ Research and CB Hillier Parker query whether ONS figures present the real picture. Graph. ONS at www.statistics.gov.uk. DTZ Research at www.dtzresearch.co.uk CB Hillier Parke at www.cbhillierparker.com | ||
| 590 | _aWB | ||
| 650 | _aOFFICE FOR NATIONAL STATISTICS | ||
| 650 | _aINSTITUTIONAL INVESTMENT | ||
| 650 | _aPROPERTY-COMMERCIAL PROPERTY | ||
| 690 | _aINVESTMENT | ||
| 942 | _n0 | ||
| 999 |
_c71902 _d71902 |
||